000 00747cam a2200205 i 4500
005 20251231114002.0
008 250721s1999 le gr 000 0 ara d
082 1 4 _a219
_bن ص ا
100 1 _aنصار، محمود
_eمؤلف.
245 1 0 _aمحاولات إغتيال النبي (ص) وفشلها /
_cتأليف محمود نصار؛ السيد يوسف.
250 _aالطبعة الأولى.
264 3 1 _aبيروت :
_bدار الكتب العلمية،
_c1999.
300 _a102صفحة.
650 1 7 _aالسيرة النبوية.
650 1 7 _aالإغتيالات.
650 1 7 _aمحمد صلى الله عليه وسلم.
700 1 _aيوسف، السيد
_eمؤلف.
942 _2ddc
_cBK
999 _c78452
_d78452